000 00655nam a2200205 u 4500
005 20230316063544.0
008 121003s2007 es r 000 0 spa d
020 _a9788467516777
035 _aUPN01000186924
049 _aI
050 4 _aBF723 S3
_bM6.3
100 1 _aMoroney, Tracey
_932754
245 1 0 _aCuando estoy contento /
_cTrace Moroney ; il. Trace Moroney ; tr. Teresa Tellechea.
260 _aMadrid :
_bSM,
_c2007.
300 _a[16] p. :
_bprincipalmente il. col.
534 _pTítulo original:
_tWhen I'm feeling happy
650 4 _aAutoestima
_92906
650 4 _aEmociones en niños
_vLiteratura infantil
_921332
905 _aInfantil
999 _c159027
_d159027